000
00320nam a2200145Ia 4500
100
_a
Mukhedkar/Godse.Ghosh
942
_c
BK
654
_a
C programming
245
_a
C programming
260
_b
TECHNICAL PUBLICATIONS
_a
Pune
_c
1997
082
_a
005.133'C'
_b
MUK
300
_a
262
546
_a
ENGLISH
999
_c
22386
_d
22386